MARC details
| 000 -LEADER |
| fixed length control field |
00886nam a22002297a 4500 |
| 008 - FIXED-LENGTH DATA ELEMENTS--GENERAL INFORMATION |
| fixed length control field |
170814b xxu||||| |||| 00| 0 eng d |
| 020 ## - INTERNATIONAL STANDARD BOOK NUMBER |
| International Standard Book Number |
9715501478 |
| 082 ## - DEWEY DECIMAL CLASSIFICATION NUMBER |
| Edition number |
1995 |
| Classification number |
DFil 305.409599 |
| Item number |
H56 |
| 100 ## - MAIN ENTRY--PERSONAL NAME |
| 9 (RLIN) |
22031 |
| Personal name |
Hilsdon, Anne-Marie. |
| 245 ## - TITLE STATEMENT |
| Title |
Madonnas and martyrs: |
| Remainder of title |
militarism and violence in the Philippines/ |
| Statement of responsibility, etc. |
Anne-Marie Hilsdon. |
| 260 ## - PUBLICATION, DISTRIBUTION, ETC. (IMPRINT) |
| Place of publication, distribution, etc. |
Quezon City, |
| Name of publisher, distributor, etc. |
ADMU Press, |
| Date of publication, distribution, etc. |
c1995. |
| 300 ## - PHYSICAL DESCRIPTION |
| Extent |
vii, 224 pages; |
| Dimensions |
23 cm. |
| 500 ## - GENERAL NOTE |
| General note |
Includes appendices, bibliographical references and index. |
| 650 #0 - SUBJECT ADDED ENTRY--TOPICAL TERM |
| 9 (RLIN) |
22032 |
| Topical term or geographic name as entry element |
Women and the military - Philippines. |
| 650 #0 - SUBJECT ADDED ENTRY--TOPICAL TERM |
| 9 (RLIN) |
22033 |
| Topical term or geographic name as entry element |
Militarism - Philippines. |
| 650 #0 - SUBJECT ADDED ENTRY--TOPICAL TERM |
| 9 (RLIN) |
22034 |
| Topical term or geographic name as entry element |
Sex crimes - Philippines. |
| 650 #0 - SUBJECT ADDED ENTRY--TOPICAL TERM |
| 9 (RLIN) |
22035 |
| Topical term or geographic name as entry element |
Women - Philippines - Crime against. |
| 650 #0 - SUBJECT ADDED ENTRY--TOPICAL TERM |
| 9 (RLIN) |
22036 |
| Topical term or geographic name as entry element |
Women - Philippines - Political activity. |
| 650 #0 - SUBJECT ADDED ENTRY--TOPICAL TERM |
| 9 (RLIN) |
22037 |
| Topical term or geographic name as entry element |
Philippines. Armed Forces - Women. |
| 365 ## - TRADE PRICE |
| Price type code |
Php. |
| Price amount |
385.00 |
| 942 ## - ADDED ENTRY ELEMENTS (KOHA) |
| Source of classification or shelving scheme |
Dewey Decimal Classification |
| Koha item type |
Filipiniana |